Asclepi : C.M. 2 : activitats integrades de naturals i socials
Saved in:
| Main Author: | |
|---|---|
| Other Authors: | |
| Format: | Book |
| Language: | Catalan |
| Published: |
Barcelona :
Onda,
DL 1994
|
| Textbook Catalogue: | MANES: Library Catalog Search Result |
| Textbook Classification: |
|
| Series: | Clau de Rosa Sensat
|
| Tags: |
Add Tag
No Tags, Be the first to tag this record!
|
| Added to: | 2003-10-19 |
| Changed in: | 2025-05-07 |
MARC
| LEADER | 00000nam a2200000 a 4500 | ||
|---|---|---|---|
| 001 | .b1215999 | ||
| 003 | ES-BaCBU | ||
| 005 | 20250507130133.0 | ||
| 008 | 031020s1994 spca b| 000 ||cat|c | ||
| 020 | |a 8475523854 | ||
| 035 | |a 8475523854 |9 ES-BaUB001 |a 0783-56860 |9 ES-BaUB035 | ||
| 040 | |a ES-BaCBU |b cat |c ES-BaCBU |d ES-BaUB | ||
| 100 | 1 | |a Oller, Montserrat |9 32817 | |
| 245 | 1 | 0 | |a Asclepi : |b C.M. 2 : activitats integrades de naturals i socials / |c Montserrat Oller, Rosa M. Pujol, Neus Sanmartí |
| 260 | |a Barcelona : |b Onda, |c DL 1994 | ||
| 300 | |a 193 p.: |b il.; |c 27 cm | ||
| 546 | |a España | ||
| 561 | |5 es-CRAI |3 p1 TX EP 4/4 OND |a España. Biblioteca Universitat de Barcelona |k MANES | ||
| 690 | 0 | |a CN |a CS | |
| 691 | 0 | |a PRI | |
| 700 | 1 | |a Pujol, Rosa M. |q (Rosa Maria) |9 32819 |a Sanmartí, Neus |9 31554 | |
| 830 | 0 | |a Clau de Rosa Sensat |9 31871 | |
| 856 | |y Registro en Cercabib - CRAI | ||
| 942 | |2 ddc |c BK | ||
| 999 | |c 89641 |d 89641 | ||
| 999 | |c manes:89641 |d 89641 | ||